<?xml version="1.0" encoding="UTF-8"?><?xml-stylesheet type="text/xsl" href="static/style.xsl"?><OAI-PMH xmlns="http://www.openarchives.org/OAI/2.0/" xmlns:xsi="http://www.w3.org/2001/XMLSchema-instance" xsi:schemaLocation="http://www.openarchives.org/OAI/2.0/ http://www.openarchives.org/OAI/2.0/OAI-PMH.xsd"><responseDate>2026-04-17T03:34:17Z</responseDate><request verb="GetRecord" identifier="oai:www.recercat.cat:2445/192927" metadataPrefix="marc">https://recercat.cat/oai/request</request><GetRecord><record><header><identifier>oai:recercat.cat:2445/192927</identifier><datestamp>2025-12-05T10:38:08Z</datestamp><setSpec>com_2072_1057</setSpec><setSpec>col_2072_478917</setSpec><setSpec>col_2072_478935</setSpec></header><metadata><record xmlns="http://www.loc.gov/MARC21/slim" xmlns:dcterms="http://purl.org/dc/terms/" xmlns:xsi="http://www.w3.org/2001/XMLSchema-instance" xmlns:doc="http://www.lyncode.com/xoai" xsi:schemaLocation="http://www.loc.gov/MARC21/slim http://www.loc.gov/standards/marcxml/schema/MARC21slim.xsd">
   <leader>00925njm 22002777a 4500</leader>
   <datafield ind2=" " ind1=" " tag="042">
      <subfield code="a">dc</subfield>
   </datafield>
   <datafield ind2=" " ind1=" " tag="720">
      <subfield code="a">Vergés Bosch, Núria</subfield>
      <subfield code="e">author</subfield>
   </datafield>
   <datafield ind2=" " ind1=" " tag="720">
      <subfield code="a">Freude, Leon</subfield>
      <subfield code="e">author</subfield>
   </datafield>
   <datafield ind2=" " ind1=" " tag="720">
      <subfield code="a">Almeda, Elisabet</subfield>
      <subfield code="e">author</subfield>
   </datafield>
   <datafield ind2=" " ind1=" " tag="720">
      <subfield code="a">Ortiz Monera, Rosa</subfield>
      <subfield code="e">author</subfield>
   </datafield>
   <datafield ind2=" " ind1=" " tag="720">
      <subfield code="a">Morero Beltrán, Anna</subfield>
      <subfield code="e">author</subfield>
   </datafield>
   <datafield ind2=" " ind1=" " tag="260">
      <subfield code="c">2023-02-01T13:24:48Z</subfield>
   </datafield>
   <datafield ind2=" " ind1=" " tag="260">
      <subfield code="c">2023-02-01T13:24:48Z</subfield>
   </datafield>
   <datafield ind2=" " ind1=" " tag="260">
      <subfield code="c">2022-07</subfield>
   </datafield>
   <datafield ind2=" " ind1=" " tag="520">
      <subfield code="a">L’experiència d’ApS que presentem en aquest treball es desenvolupa al&#xd;
voltant de la conferencia-taller «Gènere i tecnologies: fomentant noves&#xd;
vocacions tecnològiques» que hem impulsat en els darrers 4 cursos&#xd;
consecutius, des d’aquesta assignatura, i en el marc del projecte transversal&#xd;
de la UB «Compartir idees», que té com a objectiu compartir coneixements&#xd;
sobre un tema que es treballa a la universitat i que és rellevant&#xd;
per a la formació de l’alumnat dels instituts (Pons Cardell i Sarrasí&#xd;
Vizcarra, 2019).</subfield>
   </datafield>
   <datafield ind2=" " ind1=" " tag="520">
      <subfield code="a">El nostre ApS plantejava, especialment, incidir en la socialització de&#xd;
gènere, el mercat laboral amb perspectiva de gènere i, finalment, qüestionar&#xd;
la bretxa digital de gènere i contribuir a generar noves vocacions&#xd;
tecnològiques entre les noies. En la nostra assignatura implicà introduir&#xd;
el tema de gènere i TIC i també incloure una sessió sobre docència&#xd;
en perspectiva feminista. L’activitat ens portà finalment a realitzar un&#xd;
treball d’acompanyament continu a través de tutoritzacions i d’accions&#xd;
per part de l’alumnat i professorat amb retroalimentació en tot el procés ApS. A més, com a element innovador, relacionàrem aquesta docència&#xd;
amb el nostre projecte de recerca GENTALENT, que buscava millorar&#xd;
la incorporació, retenció i promoció de les dones en les TIC.</subfield>
   </datafield>
   <datafield tag="653" ind2=" " ind1=" ">
      <subfield code="a">Innovacions educatives</subfield>
   </datafield>
   <datafield tag="653" ind2=" " ind1=" ">
      <subfield code="a">Aprenentatge servei</subfield>
   </datafield>
   <datafield tag="653" ind2=" " ind1=" ">
      <subfield code="a">Feminisme</subfield>
   </datafield>
   <datafield tag="653" ind2=" " ind1=" ">
      <subfield code="a">Educational innovations</subfield>
   </datafield>
   <datafield tag="653" ind2=" " ind1=" ">
      <subfield code="a">Service learning</subfield>
   </datafield>
   <datafield tag="653" ind2=" " ind1=" ">
      <subfield code="a">Feminism</subfield>
   </datafield>
   <datafield ind2="0" ind1="0" tag="245">
      <subfield code="a">Innovació docent fent aprenentatge de servei en perspectiva feminista. Una experiència des de l’assignatura sociologia dels gèneres sobre el tema de gèneres i tecnologies</subfield>
   </datafield>
</record></metadata></record></GetRecord></OAI-PMH>